[Event "New Delhi Parsvnath op 7th"]
[Site "New Delhi"]
[Date "2009.01.11"]
[Round "1"]
[White "Mathur, Tarun"]
[Black "Prathamesh, Sunil Mokal"]
[Result "0-1"]
[WhiteElo "1788"]
[BlackElo "2389"]
[PlyCount "64"]
[EventDate "2009.01.11"]
[EventType "swiss"]
[EventRounds "10"]
[EventCountry "IND"]
[SourceTitle "CBM 128 Extra"]
[Source "ChessBase"]
[SourceDate "2009.03.05"]
[SourceVersion "2"]
[SourceVersionDate "2009.03.25"]
[SourceQuality "1"]

1. e4 c5 2. Nf3 e6 3. d4 cxd4 4. Nxd4 a6 5. Bd3 Nf6 6. Bg5 Be7 7. e5 Qa5+ 8. Nc3 Qxe5+ 9. Be3 Nc6 10. Nf3 Qc7 11. 0-0 d5 12. h3 e5 13. Bg5 Be6 14. Be2 Rd8 15. Nd2 0-0 16. Bxf6 Bxf6 17. Bg4 Bxg4 18. Qxg4 e4 19. Nb3 Nb4 20. a3 Bxc3 21. bxc3 Nxc2 22. Rac1 Nxa3 23. Nd4 Rd6 24. Qg3 Qd7 25. f4 f5 26. Qe1 Nc4 27. Rb1 a5 28. Nb3 Rc8 29. h4 a4 30. Nd2 Na5 31. Rc1 Rcc6 32. Qg3 d4 0-1

[Event "Mumbai Mayors Cup 1st"]
[Site "Mumbai"]
[Date "2008.05.11"]
[Round "1"]
[White "Mathur, Tarun"]
[Black "Sriram, Jha"]
[Result "0-1"]
[WhiteElo "1814"]
[BlackElo "2452"]
[PlyCount "86"]
[EventDate "2008.05.11"]
[EventType "swiss"]
[EventRounds "11"]
[EventCountry "IND"]
[SourceTitle "CBM 124 Extra"]
[Source "ChessBase"]
[SourceDate "2008.07.03"]
[SourceVersion "1"]
[SourceVersionDate "2008.07.03"]
[SourceQuality "1"]

1. e4 c5 2. Bc4 e6 3. Nf3 a6 4. d3 Nc6 5. a3 Nf6 6. Bg5 d6 7. c3 Be7 8. 0-0 0-0 9. Re1 Qc7 10. h3 e5 11. Nbd2 b5 12. Ba2 Be6 13. Bxe6 fxe6 14. Qb3 Qd7 15. Rad1 Nh5 16. Re3 Nf4 17. Bxe7 Qxe7 18. h4 Rac8 19. g3 Nh5 20. Nf1 h6 21. N1h2 Kh8 22. Rd2 Nf6 23. Qd1 Rc7 24. g4 Qe8 25. h5 Nh7 26. Nh4 Kg8 27. Ng6 Rf6 28. Nf3 Rcf7 29. Nfh4 Ng5 30. Rg3 Qb8 31. f3 a5 32. Rf2 b4 33. axb4 axb4 34. Qc1 c4 35. f4 cxd3 36. Rxd3 Nxe4 37. Rff3 exf4 38. cxb4 Nxb4 39. Rb3 Nc5 40. Rbc3 Na2 41. Rb3 Nxb3 42. Rxb3 Nxc1 43. Re3 f3 0-1